Obnova zamestnanosti v SR a variabilita interpretácie výsledkov
V oblasti trhu práce možno rok 2015 označiť za rok obnovy zamestnanosti; priaznivý trend bol pokračovaním vývoja, ktorého sme boli svedkami už v druhej polovici roka 2014. Výsledky kľúčových parametrov zamestnanosti a nezamestnanosti, trendy stojace za nedávnym vývojom a riziká najbližšieho obdobi...
Salvato in:
| Autore principale: | |
|---|---|
| Natura: | Capitolo di libro |
| Lingua: | slovacco |
| Soggetti: | |
| Tags: |
Nessun Tag, puoi essere il primo ad aggiungerne!!
|
MARC
| LEADER | 00000naa a2200000 4500 | ||
|---|---|---|---|
| 001 | 0228600 | ||
| 005 | 20220715093813.7 | ||
| 041 | 0 | |a slo | |
| 044 | |a SK | ||
| 245 | 1 | 0 | |a Obnova zamestnanosti v SR a variabilita interpretácie výsledkov |c Veronika Hvozdíková |
| 520 | |a V oblasti trhu práce možno rok 2015 označiť za rok obnovy zamestnanosti; priaznivý trend bol pokračovaním vývoja, ktorého sme boli svedkami už v druhej polovici roka 2014. Výsledky kľúčových parametrov zamestnanosti a nezamestnanosti, trendy stojace za nedávnym vývojom a riziká najbližšieho obdobia. Vybrané príklady, pomocou ktorých je ilustrovaný výber “vhodnej” metodiky alebo štatistiky a použitie na prvý pohľad podobných, ale rozlične definovaných kategórií, ktoré môžu viesť k drobným nuansám až rozporom v interpretácii výsledkov, ale môžu byť aj účelové alebo skresľujúce. | ||
| 610 | 2 | 0 | |a zamestnanosť |
| 610 | 2 | 0 | |a metódy štatistické |
| 610 | 2 | 0 | |a trh práce |
| 610 | 2 | 0 | |a zamestnanosť |
| 610 | 2 | 0 | |a Slovensko |
| 100 | 1 | |a Hvozdíková, Veronika | |